EC research funding : (Record no. 26765)
[ view plain ]
| 000 -LEADER | |
|---|---|
| fixed length control field | 01113cam a22002655a 4500 |
| 001 - CONTROL NUMBER | |
| control field | 1658948 |
| 005 - DATE AND TIME OF LATEST TRANSACTION | |
| control field | 20180522104133.0 |
| 008 - FIXED-LENGTH DATA ELEMENTS--GENERAL INFORMATION | |
| fixed length control field | 970311s1996 be a fr 000 0 eng d |
| 020 ## - INTERNATIONAL STANDARD BOOK NUMBER | |
| International Standard Book Number | 9282756688 |
| 020 ## - INTERNATIONAL STANDARD BOOK NUMBER | |
| International Standard Book Number | 9789282756683 |
| 040 ## - CATALOGING SOURCE | |
| Original cataloging agency | DLC |
| Transcribing agency | DLC |
| Modifying agency | DLC |
| -- | EG-ScBUE |
| Language of cataloging | eng |
| 043 ## - GEOGRAPHIC AREA CODE | |
| Geographic area code | e------ |
| 082 04 - DEWEY DECIMAL CLASSIFICATION NUMBER | |
| Classification number | 607.24 |
| Edition number | 22 |
| Item number | ECR |
| 245 00 - TITLE STATEMENT | |
| Title | EC research funding : |
| Remainder of title | general information : a guide for applicants. |
| 250 ## - EDITION STATEMENT | |
| Edition statement | 4th ed., completely rev. |
| 260 ## - PUBLICATION, DISTRIBUTION, ETC. (IMPRINT) | |
| Place of publication, distribution, etc | Brussels : |
| Name of publisher, distributor, etc | European Commission, Science, Research and Development, |
| Date of publication, distribution, etc | 1996. |
| 300 ## - PHYSICAL DESCRIPTION | |
| Extent | 197 p. : |
| Other physical details | ill. ; |
| Dimensions | 21 cm. |
| 500 ## - GENERAL NOTE | |
| General note | "Fourth framework programme 1994-1998." |
| 500 ## - GENERAL NOTE | |
| General note | Rev. ed. of: EC research fundig / prepared byLieselotte Krickau-Richter, Otto von Schwerin. |
| 650 #7 - SUBJECT ADDED ENTRY--TOPICAL TERM | |
| Topical term or geographic name as entry element | Research |
| Geographic subdivision | European Economic Community countries |
| General subdivision | Finance |
| -- | Handbooks, manuals, etc. |
| Source of heading or term | BUEsh |
| 650 #7 - SUBJECT ADDED ENTRY--TOPICAL TERM | |
| Topical term or geographic name as entry element | Engineering |
| General subdivision | Research |
| Geographic subdivision | European Economic Community countries |
| General subdivision | Finance |
| -- | Handbooks, manuals, etc. |
| Source of heading or term | BUEsh |
| 653 ## - INDEX TERM--UNCONTROLLED | |
| Resource For college | Generalities |
| Arrived date list | May2018 |
| 700 2# - ADDED ENTRY--PERSONAL NAME | |
| Personal name | Krickau-Richter, Lieselotte. |
| Title of a work | Forschungs- und Technologieforderung der EG. |
| Language of a work | English. |
| 942 ## - ADDED ENTRY ELEMENTS (KOHA) | |
| Source of classification or shelving scheme | Dewey Decimal Classification |
| Withdrawn status | Item status | Source of classification or shelving scheme | Damaged status | Not for loan | Home library | Current library | Shelving location | Date acquired | Total Checkouts | Full call number | Barcode | Date last seen | Koha item type |
|---|---|---|---|---|---|---|---|---|---|---|---|---|---|
| Dewey Decimal Classification | Central Library | Central Library | First floor | 22/05/2018 | 607.24 ECR | 000047815 | 15/07/2025 | Book - Borrowing |